| 000 | 00983nam a2200265Ia 4500 | ||
|---|---|---|---|
| 003 | OSt | ||
| 005 | 20220918110753.0 | ||
| 006 | a|||||r|||| 00| 0 | ||
| 007 | ta | ||
| 008 | 220915b |||||||| |||| 00| 0 hin d | ||
| 024 | _a263194 | ||
| 037 | _cReference Collections | ||
| 040 |
_aARTS _cARTS _bhin |
||
| 041 |
_2hin _ahin |
||
| 082 | _aO152vN7, M8.1(RR) | ||
| 100 |
_aश्री शरण _99459 |
||
| 245 | 0 | _aहिन्दी साहित्य का इतिहास | |
| 246 | _aHindī sāhitya kā itihāsa | ||
| 260 |
_aदिल्ली _bप्रेम प्रकाशन मंदिर भारत _c1988 |
||
| 300 | _a531पृ0 | ||
| 650 | _aहिन्दी साहित्य | ||
| 700 |
_a रस्तोगी, आलोक कुमार _99460 |
||
| 942 |
_hO152vN7, M8.1(RR) _cREF |
||
| 999 |
_c114594 _d114594 |
||